Gaming Quiz

Random Gaming or Pokémon Quiz
Score 0/33 Timer 20:00
0 Plays Today
Hint Answer % Correct
► B B O L I O E T I O L C L N I M H L V A A L E B I O A K R R ◄Olivia ► B B O E T O L C L N I M H L A L E B I O A K R R ◄
100%
► E O A R O I K R S E A N V C G A P E I L E A L L F S L A ◄Acerola ► O I K R S E N V G A P E I L E A L F S L A ◄
88.9%
► D E N N U L R M E A S D R I N V T C A M E A V D A ◄Mina ► D E N U L R E S D R N V T C A M E A V D A ◄
88.9%
► D E N N U L R M E A S D R I N V T C A M E A V D A ◄Mudsdale ► N N R E R I N V T C A M E A V D A ◄
88.9%
► L L P E C A M K V L L O W K A L O R W A M N O A A A O ◄Mallow ► P E C K V L L O K A L R W A M N O A A A O ◄
88.9%
► A A S A A L K I I A K D Q A D N N R U I A W L A E ◄Kiawe ► A S A A L I A K D Q S D N N R U I A L A ◄
88.9%
► B B O L I O E T I O L C L N I M H L V A A L E B I O A K R R ◄Crabominable ► O T I O L L I H L V A L E B I O K R ◄
88.9%
► N N E A N A A M L E S E O A A I L L L M L D S E D P S ◄Lana ► N E N A M E S E O A A I L L L M L D S E D P S ◄
88.9%
► I B I S M I E A R A E L I P N O I L M N O D B ◄Ilima ► B I S E R A E I P N O I L M N O D B ◄
88.9%
► E T N O A A A R I S S N E O R H E U Y L T H P K O R A B V A U ◄Hapu ► E T N O A A R I S S N E O R E Y L T H K O R A B V A U ◄
88.9%
► N L U N G L U O N H E J S G M L A E U ◄Nanu ► N L G L U O H E J S G M L E U ◄
88.9%
► C A I O C A H Y A T F P Y T S M R S O L R C O G E L M H N R T E ◄Sophocles ► A I C A Y A T F Y T M R R C O G L M H N R T E ◄
88.9%
► A O S U A K A U A D A I A L W A R H N L M L L ◄Hala ► O S A K A U A D A I A L W U R N M L L ◄
88.9%
► E O A R O I K R S E A N V C G A P E I L E A L L F S L A ◄Persian ► E O O K R A V C G A E I L E A L L F S L A ◄
77.8%
► A A S A A L K I I A K D Q A D N N R U I A W L A E ◄Araquanid ► S A L K I A K A D N I A W L A E ◄
77.8%
► B B O L I O E T I O L C L N I M H L V A A L E B I O A K R R ◄Brooklet Hill ► B I O C N I M L V A A L E B I O A R ◄
77.8%
► N N E A N A A M L E S E O A A I L L L M L D S E D P S ◄Palossand ► N E N A M E E A A I L L L M L E D S ◄
77.8%
Hint Answer % Correct
► I B I S M I E A R A E L I P N O I L M N O D B ◄Ribombee ► I S I A A L I P N I L M N O D ◄
77.8%
► N L U N G L U O N H E J S G M L A E U ◄Golem ► N U N L U N H J S G L A E U ◄
77.8%
► N L U N G L U O N H E J S G M L A E U ◄Lush Jungle ► U N O N G M L A E ◄
77.8%
► C A I O C A H Y A T F P Y T S M R S O L R C O G E L M H N R T E ◄Lycanroc ► I A H A T F P Y T S M S O R C O G E L M H R T E ◄
77.8%
► C A I O C A H Y A T F P Y T S M R S O L R C O G E L M H N R T E ◄Thrifty Megamart ► C O C A P Y S S O L C O L H N R E ◄
77.8%
► E O A R O I K R S E A N V C G A P E I L E A L L F S L A ◄Seafolk Village ► R O R E N C A P I E A S L A ◄
66.7%
► D E N N U L R M E A S D R I N V T C A M E A V D A ◄Verdant Cavern ► N U L M S D I M E A D A ◄
66.7%
► L L P E C A M K V L L O W K A L O R W A M N O A A A O ◄Komala ► L P E C V L L W K L O R W A M N O A A A O ◄
66.7%
► L L P E C A M K V L L O W K A L O R W A M N O A A A O ◄Wela Volcano Park ► M K L L L W M O A A A O ◄
66.7%
► A A S A A L K I I A K D Q A D N N R U I A W L A E ◄Akala Island ► I A K Q A D N R U I A W A E ◄
66.7%
► N N E A N A A M L E S E O A A I L L L M L D S E D P S ◄Melemele Island ► N N A A O A A L L S D P S ◄
66.7%
► I B I S M I E A R A E L I P N O I L M N O D B ◄Poni Island ► B M I E R A E I I L M O B ◄
66.7%
► E T N O A A A R I S S N E O R H E U Y L T H P K O R A B V A U ◄Tsareena ► O A I S N O R H E U Y L T H P K O R A B V A U ◄
66.7%
► E T N O A A A R I S S N E O R H E U Y L T H P K O R A B V A U ◄Hokulani Observatory ► A S N E E T H P R A A U ◄
66.7%
► A O S U A K A U A D A I A L W A R H N L M L L ◄Marowak ► S U A U A D A I A L A H N L L L ◄
66.7%
► A O S U A K A U A D A I A L W A R H N L M L L ◄Ula'ula Island ► O K A A A W A R H L M ◄
66.7%

You're not logged in!

Compare scores with friends on all Sporcle quizzes.
OR
Log In

Sporcle TV

Today on Sporcle TV


Watch our educational content, quiz creation guides, and fun videos on Sporcle TV.

Show Comments

Extras

Top Quizzes Today


Score Distribution

Paid Content

Your Account Isn't Verified!

In order to create a playlist on Sporcle, you need to verify the email address you used during registration. Go to your Sporcle Settings to finish the process.

Report this User

Report this user for behavior that violates our Community Guidelines.

Details: